Library of the University of Algiers 3
Ibrahim Sultan Cheibout
شعار جامعة الجزائر 3
مكتبة جامعة الجزائر 3
إبراهيم سلطان شيبوط

الرأسمالية تجتاح العالم : (رقم التسجيلة. 45694)

تفاصيل مارك
000 -LEADER
fixed length control field 01404nam a2200217Ia 4500
003 - CONTROL NUMBER IDENTIFIER
control field Ost
005 - DATE AND TIME OF LATEST TRANSACTION
control field 20260507075656.0
008 - FIXED-LENGTH DATA ELEMENTS--GENERAL INFORMATION
fixed length control field 260507s9999||||xx |||||||||||||| ||und||
040 ## - CATALOGING SOURCE
Transcribing agency fsecg
041 ## - LANGUAGE CODE
Language code of text/sound track or separate title ara
082 ## - DEWEY DECIMAL CLASSIFICATION NUMBER
Classification number 330.122
100 ## - MAIN ENTRY--PERSONAL NAME
Personal name عتريسي، جعفر حسن
Relator term مؤلف
245 #0 - TITLE STATEMENT
Title الرأسمالية تجتاح العالم :
Remainder of title قراءة في الإقتصاد السياسي العالمي /
Statement of responsibility, etc. جعفر حسن عتريسي
260 ## - PUBLICATION, DISTRIBUTION, ETC.
Place of publication, distribution, etc. بيروت:
Name of publisher, distributor, etc. دار الهادي,
Date of publication, distribution, etc. 2004
300 ## - PHYSICAL DESCRIPTION
Extent 477 صفحة؛
Other physical details إيضاحات ؛
Dimensions 24 سم
504 ## - BIBLIOGRAPHY, ETC. NOTE
Bibliography, etc. note المراجع ص. 473
520 ## - SUMMARY, ETC.
Summary, etc. الرأسمالية، الثروة، المفهوم الليبيرالي، المدارس التداخلية الاقتصادية، الرأسمالية التدخلية، الرأسمالية المنتصرة، تجربة الرأسمالية والخلل الكامن، الرأسمالية والاشتراكية في البنى الأولية لفلسفة الوجود، مواجهة الحرب بدوافع اقتصادية، الرأسمالية الجشعة، الاحتجاج الرأسمالي على الرأسمالية، سوقية الانسان في المنطق الرأسمالي، الاسلام والثروة والانسان، الملكية في الاسلام.
653 ## - INDEX TERM--UNCONTROLLED
Uncontrolled term الاقتصاد السياسي
653 ## - INDEX TERM--UNCONTROLLED
Uncontrolled term الرأسمالية
942 ## - ADDED ENTRY ELEMENTS (KOHA)
Koha item type كتب

لا توجد مواد متاحة.

موارد الويب المفتوحة


© University of Algiers 3 All Rights Reserved
|
Implemented by LECHELAH Riad